Generation and utilization of electrical energy (Record no. 576029)

000 -LEADER
fixed length control field 00554nam a22001817a 4500
003 - CONTROL NUMBER IDENTIFIER
control field CEME
005 - DATE AND TIME OF LATEST TRANSACTION
control field 20210628204041.0
008 - FIXED-LENGTH DATA ELEMENTS--GENERAL INFORMATION
fixed length control field 210114b xxu||||| |||| 00| 0 eng d
020 ## - INTERNATIONAL STANDARD BOOK NUMBER
International Standard Book Number 9788131733325
040 ## - CATALOGING SOURCE
Transcribing agency ceme
082 ## - DEWEY DECIMAL CLASSIFICATION NUMBER
Classification number 621.31 SIV
100 ## - MAIN ENTRY--PERSONAL NAME
Personal name Sivanagaraju, S , Reddy, M. Balasubba , Srilatha, D
9 (RLIN) 68453
245 ## - TITLE STATEMENT
Title Generation and utilization of electrical energy
260 ## - PUBLICATION, DISTRIBUTION, ETC.
Place of publication, distribution, etc. INDIA
Name of publisher, distributor, etc. PEARSON EDUCATION
Date of publication, distribution, etc. 2010
300 ## - PHYSICAL DESCRIPTION
Extent 569P
650 ## - SUBJECT ADDED ENTRY--TOPICAL TERM
Topical term or geographic name entry element GENERATION ELECTRICAL ENERGY. UTILIZATION OF ELECTRICAL ENERGY.
9 (RLIN) 68454
942 ## - ADDED ENTRY ELEMENTS (KOHA)
Koha item type Book
Source of classification or shelving scheme
Holdings
Withdrawn status Lost status Damaged status Not for loan Permanent Location Current Location Shelving location Date acquired Total Checkouts Full call number Barcode Date last seen Price effective from Koha item type
        College of Electrical & Mechanical Engineering (CEME) College of Electrical & Mechanical Engineering (CEME) General Stacks 08/02/2017   621.31 SIV CEME-46998 06/28/2021 06/28/2021 Book
© 2023 Central Library, National University of Sciences and Technology. All Rights Reserved.